000 00384cam a2200157ua 4500
020 _c3.00
041 _ahin
_h
082 _a891.54
_bKIS/KA
100 _aKishanchand, .
245 _aKarmari ki kahani /
_cKishanchand.
_hTextual Documents
260 _aDelhi :
_bRajpal and sanch ,
_c1969.
300 _a139 ; .
365 _a3.00
942 _cBK
999 _c12792
_d12792